| 000 | 02822nam a2200421 i 4500 | ||
|---|---|---|---|
| 001 | 196348 | ||
| 003 | ES-MaACL | ||
| 005 | 20250720063113.0 | ||
| 008 | 240919s2024 sp | |||| 000 0dspa | ||
| 015 | _aMON24 | ||
| 017 |
_aCO 263-2024 _bOficina Depósito Legal Córdoba |
||
| 020 | _a9788419979162 | ||
| 035 | _a(SpMaBN)a7490146 | ||
| 040 |
_aSpMaBN _bspa _cSpMaBN _erda _dES-MaACL |
||
| 080 | _a27 Benedicto XVI, Papa | ||
| 080 | _a23"19" | ||
| 100 | 1 |
_aCarabante Muntada, José María _9238759 _eaut |
|
| 245 | 1 | 0 |
_aJoseph Ratzinger : _bel Papa de la razón, una introducción al pensamiento de Benedicto XVI / _cJosé María Carabante |
| 250 | _aPrimera edición: marzo de 2024 | ||
| 264 | 1 |
_a[Córdoba] _bSekotia, _c[2024] |
|
| 264 | 4 | _c©2024 | |
| 300 |
_a171 páginas ; _c22 cm |
||
| 336 |
_aTexto _2rdacontent |
||
| 337 |
_asin mediación _2rdamedia |
||
| 338 |
_avolumen _2rdacarrier |
||
| 490 | 0 | _aColección Reflejos de actualidad | |
| 504 | _aIncluye referencias bibliográficas | ||
| 520 | _aJoseph Ratinzger fue, además de un pontífice profundo y un teólogo riguroso, uno de los pensadores más consistentes e importantes del último siglo. Este libro se propone, además de descubrir los principales hitos de su trayectoria, explicar a un público amplio sus principales contribuciones. Partiendo del análisis filosófico de su obra, se busca con estas páginas dar cuenta de los esfuerzos de Benedicto XVI por ampliar los horizontes de la razón, así como de su interés por curar los excesos del racionalismo, apelando a la fe, y los del fideísmo, integrando de modo crítico la razón en el ámbito teológico. Un libro, pues, que sirve de introducción a las aportaciones de quien fuera Benedicto XVI, el Papa de la razón. Del famoso debate que mantuvieron Ratzinger con el filósofo Habermas en enero de 2004 en la Academia Católica de Baviera, se extraen las siguientes conclusiones: «La religión y la razón secular deberían tomarse en serio mutuamente en un proceso de aprendizaje complementario que nunca se acaba». Jürgen Habermas «Los padres de la Iglesia, enseñan ya hace muchos años, que la razón y la fe son complementarias». Joseph Ratzinger | ||
| 600 | 0 | 7 |
_aBenedicto _bXVI, _cPapa _2embne _9234934 |
| 650 | 7 |
_aPensamiento religioso- _yS.XX _9137680 |
|
| 852 |
_aES-MaACL _cDEPOJ _jN-10118 _gDedicatoria autógrafa del autor _hDonación: José María Carabante _xEncuadernación rústica con solapas _9206252 |
||
| 903 |
_9238759 _aCarabante Muntada, José María _ednr |
||
| 942 |
_cMONOGRAFIA _n0 |
||
| 999 |
_c196348 _d196348 |
||